Giáo trình khoa học quản lý

Sách cung cập kiến thức tổng quan về quản lí tổ chức, sự phát triển các tư tưởng quản lí; vận dụng quy luật và các nguyên tắc quản lí, thông tin quản lí, quyết định quản lí,, lập kế hoạch.

Spremljeno u:
Bibliografski detalji
Glavni autor: Đoàn, Thị Thu Hà
Format: Knjiga
Jezik:Undetermined
Izdano: Hà Nội Khoa học kỹ thuật 2004
Teme:
Oznake: Dodaj oznaku
Bez oznaka, Budi prvi tko označuje ovaj zapis!
Thư viện lưu trữ: Trung tâm Học liệu Trường Đại học Cần Thơ
LEADER 00900nam a2200205Ia 4500
001 CTU_102503
008 210402s9999 xx 000 0 und d
020 |c 40000 
082 |a 658 
082 |b H100/T.1 
100 |a Đoàn, Thị Thu Hà 
245 0 |a Giáo trình khoa học quản lý 
245 0 |c Đoàn Thị Thu Hà, Nguyễn Thị Ngọc Huyền 
260 |a Hà Nội 
260 |b Khoa học kỹ thuật 
260 |c 2004 
520 |a Sách cung cập kiến thức tổng quan về quản lí tổ chức, sự phát triển các tư tưởng quản lí; vận dụng quy luật và các nguyên tắc quản lí, thông tin quản lí, quyết định quản lí,, lập kế hoạch. 
650 |a Management science 
904 |i Tuyến, Huỳnh Mai 
980 |a Trung tâm Học liệu Trường Đại học Cần Thơ